00294pab a2200121 454500008004000000100001700040245003300057260000900090300001100099362000900110650002700119773002600146180718b1989 xxu||||| |||| 00| 0 eng d aOliver, Dawn aThe judge over your shoulder c1989 a302-16 aJul. aJudicial Review - U.K. aParliamentary Affairs